| 000 | 01122nam a2200313 i 4500 | ||
|---|---|---|---|
| 003 | DO-SdBNP | ||
| 005 | 20250409105747.0 | ||
| 007 | ta | ||
| 008 | 250409b2025 ck ||||| |||| 00| 0 spa d | ||
| 020 | _a9782687700751 | ||
| 040 |
_aDO-SdBNP _bspa _cBNPHU _erda |
||
| 041 | _aspa | ||
| 082 | 4 |
_a0 _bT266c _211 |
|
| 100 | 1 |
_aTejada Díaz, Ysabel Noemi _eautor _4aut. _987256 |
|
| 245 | 1 | 0 |
_aCulto al cuerpo : _blas tensiones entre la Salud y la apariencia / _cYsabel Noemí Tejeda Díaz. |
| 250 | _aPrimera edición | ||
| 264 | 4 |
_aBogotá : _bEditorial Aula de Humanidades, _c©2025. |
|
| 300 |
_a179 páginas ; _c23 cm. |
||
| 336 |
_atexto _btxt _2rdacontent |
||
| 337 |
_asin mediación _bn _2rdamedia |
||
| 338 |
_avolumen _bnc _2rdacarrier |
||
| 490 | _aColección General | ||
| 500 | _aIncluye índice onomástico | ||
| 500 | _aIncluye referencias bibliográficas y notas al pie de las páginas | ||
| 500 | _aIncluye datos biográficos de la autora en la solapa de la cubierta. | ||
| 500 | _aLa biblioteca posee 1 ejemplar autografiado por la autora | ||
| 590 | _aInventariado, 2025 / LP | ||
| 942 |
_2ddc _cLBS1 |
||
| 999 |
_c58486 _d58486 |
||